[Event "XX C.to Mondiale Seniores"]
[Site "Arco ITA"]
[Date "2010.10.29"]
[Round "4"]
[White "Jones, Brian"]
[Black "Sevenyuk, Alexey"]
[WhiteElo "2079"]
[BlackElo "1920"]
[Result "1-0"]
[PlyCount "71"]
[EventDate "2010.10.26"]

1. d4 e6 2. Nf3 f5 3. g3 Nf6 4. Bg2 Be7 5. O-O O-O 6. c4 d5 7. b3 c6 8. Ba3 a5
9. Qc1 Bxa3 10. Nxa3 Qe8 11. Nc2 Qh5 12. Nce1 Ne4 13. Nd3 g5 14. e3 Nd7 15.
Nfe5 Rf6 16. Qd1 Qh6 17. f3 Nd6 18. Qe2 Qh5 19. g4 Qe8 20. e4 dxe4 21. fxe4
fxe4 22. Bxe4 Nxe4 23. Qxe4 Qe7 24. Qe3 Qg7 25. Nc5 Rxf1+ 26. Rxf1 Nxe5 27.
dxe5 b6 28. Ne4 h6 29. Nf6+ Kh8 30. Rd1 Qe7 31. Qxb6 Kg7 32. Qe3 Ra7 33. Qe4
Kh8 34. Qg6 Qf8 35. Rd6 Rf7 36. Rd8 1-0

[Event "XX C.to Mondiale Seniores"]
[Site "Arco ITA"]
[Date "2010.10.29"]
[Round "4"]
[White "Lang, Ferdinand"]
[Black "Kaufman, Larry C."]
[WhiteElo "2161"]
[BlackElo "2413"]
[Result "0-1"]
[PlyCount "88"]
[EventDate "2010.10.26"]

1. e4 e5 2. Nf3 Nc6 3. Bb5 a6 4. Ba4 Nf6 5. O-O Be7 6. Re1 b5 7. Bb3 d6 8. c3
O-O 9. h3 Na5 10. Bc2 c5 11. d4 Nd7 12. Nbd2 exd4 13. cxd4 Nc6 14. Nf1 cxd4 15.
Nxd4 Nxd4 16. Qxd4 Ne5 17. Ne3 Bxh3 18. Nd5 Bf6 19. Qe3 Be6 20. Nxf6+ Qxf6 21.
Qg3 Rac8 22. Bb3 h6 23. Bd2 Bxb3 24. axb3 Rc2 25. Red1 Rxb2 26. f4 Rxd2 27.
Rxd2 Nf3+ 28. gxf3 Qxa1+ 29. Kh2 Rc8 30. f5 Rc1 31. Qxd6 Rh1+ 32. Kg3 Qe1+ 33.
Kf4 f6 34. Rg2 Rh4+ 35. Rg4 Rxg4+ 36. Kxg4 Qg1+ 37. Kh3 Qh1+ 38. Kg3 Qg1+ 39.
Kh3 Qe3 40. Qe6+ Kh7 41. Kg3 Qg1+ 42. Kh3 a5 43. f4 Qe3+ 44. Kg4 h5+ 0-1

[Event "XX C.to Mondiale Seniores"]
[Site "Arco ITA"]
[Date "2010.10.29"]
[Round "4"]
[White "Ozbilen, Mehdi Hayri"]
[Black "Ruckschloss, Karol"]
[WhiteElo "2114"]
[BlackElo "2293"]
[Result "1/2-1/2"]
[PlyCount "61"]
[EventDate "2010.10.26"]

1. e4 d6 2. d4 Nf6 3. Nc3 g6 4. Nge2 Bg7 5. f3 c6 6. Be3 b5 7. Qd2 b4 8. Na4
Qa5 9. b3 Nbd7 10. g4 h5 11. g5 Nh7 12. a3 Rb8 13. axb4 Qxb4 14. Qxb4 Rxb4 15.
Ra3 O-O 16. Nb2 Rb7 17. Bh3 c5 18. f4 cxd4 19. Nxd4 e5 20. fxe5 Nxe5 21. Bxc8
Rxc8 22. h3 Nc6 23. c3 Nxd4 24. cxd4 Re8 25. Kd2 Rxe4 26. Kd3 d5 27. Nc4 Bf8
28. b4 Rxb4 29. Nd2 Rb7 30. Ra5 Re8 31. Rxd5 1/2-1/2

[Event "XX C.to Mondiale Seniores"]
[Site "Arco ITA"]
[Date "2010.10.29"]
[Round "4"]
[White "Papa, Angelo"]
[Black "Pipitone, Antonio"]
[WhiteElo "1823"]
[BlackElo "2048"]
[Result "0-1"]
[PlyCount "62"]
[EventDate "2010.10.26"]

1. d4 Nf6 2. Nf3 g6 3. Nc3 d6 4. e4 Bg7 5. Be3 Nbd7 6. Qd2 O-O 7. Bh6 Re8 8.
Bxg7 Kxg7 9. O-O-O e5 10. dxe5 Nxe5 11. Nxe5 Rxe5 12. f4 Re7 13. e5 Ne8 14. Nd5
Re6 15. Qc3 dxe5 16. fxe5 Qg5+ 17. Kb1 Qxe5 18. Bc4 Qxc3 19. Nxc3 Rd6 20. Rde1
Be6 21. Bd3 Nf6 22. Rhf1 a6 23. Kc1 Rad8 24. Rxf6 Kxf6 25. Ne4+ Kg7 26. Nxd6
Rxd6 27. a3 Bd5 28. g4 Be6 29. h3 Kf6 30. b3 Bxb3 31. h4 Be6 0-1

[Event "XX C.to Mondiale Seniores"]
[Site "Arco ITA"]
[Date "2010.10.29"]
[Round "4"]
[White "Paune, Florea"]
[Black "Kock, Hans-Uwe"]
[WhiteElo "1943"]
[BlackElo "2101"]
[Result "0-1"]
[PlyCount "52"]
[EventDate "2010.10.26"]

1. e4 c6 2. d4 d5 3. e5 Bf5 4. Nf3 e6 5. Nc3 Nd7 6. a3 c5 7. Ne2 Ne7 8. Ng3 Bg6
9. Nh4 cxd4 10. Qxd4 Nc6 11. Qa4 Bxc2 12. Qxc2 Qxh4 13. f4 Bc5 14. Bb5 O-O 15.
Bxc6 bxc6 16. b4 Bd4 17. Rb1 Rfc8 18. Qd3 Bb6 19. Be3 c5 20. O-O c4 21. Qd2 d4
22. Bxd4 Nxe5 23. Ne2 Rd8 24. Rbd1 Nc6 25. Qc3 Nxd4 26. Nxd4 Qf6 0-1

[Event "XX C.to Mondiale Seniores"]
[Site "Arco ITA"]
[Date "2010.10.29"]
[Round "4"]
[White "Ramusch, Arnulf"]
[Black "Zunker, Reinhard"]
[WhiteElo "1955"]
[BlackElo "2198"]
[Result "1/2-1/2"]
[PlyCount "92"]
[EventDate "2010.10.26"]

1. d4 d6 2. c4 Nf6 3. Nc3 Nbd7 4. Nf3 g6 5. e4 c5 6. d5 Bg7 7. h3 O-O 8. Be2 a6
9. a4 Rb8 10. O-O Ne8 11. Be3 h6 12. Qd2 Kh7 13. Bd3 Qc7 14. Bf4 Ne5 15. Nxe5
dxe5 16. Be3 g5 17. Ne2 a5 18. Ng3 b6 19. Qe2 Rg8 20. Qf3 Bf6 21. Qh5 Rg6 22.
Nf5 Ng7 23. Qe2 e6 24. Ng3 Bd7 25. Bc2 Rh8 26. Rad1 Kg8 27. dxe6 Bxe6 28. Nf5
h5 29. g3 Qc8 30. Qd3 Kh7 31. Bb1 Rd8 32. Qc2 Ne8 33. Rxd8 Bxd8 34. Rd1 Bf6 35.
Kg2 Rg8 36. Qe2 Bxf5 37. exf5 Ng7 38. g4 Qc6+ 39. f3 hxg4 40. hxg4 Ne8 41. b3
Kg7 42. Be4 Qc7 43. Qd2 Qe7 44. Qd7 Nc7 45. Qxe7 Bxe7 46. Rd2 Bd8 1/2-1/2

[Event "XX C.to Mondiale Seniores"]
[Site "Arco ITA"]
[Date "2010.10.29"]
[Round "4"]
[White "Rotelli, Pietro"]
[Black "Prahov, G."]
[WhiteElo "1959"]
[BlackElo "2267"]
[Result "1/2-1/2"]
[PlyCount "48"]
[EventDate "2010.10.26"]

1. d4 c5 2. d5 g6 3. c4 Bg7 4. Nc3 d6 5. e4 Qa5 6. Bd2 Qb6 7. Qc2 e5 8. Bd3 Ne7
9. Nge2 f5 10. f3 Bd7 11. O-O O-O 12. Kh1 f4 13. a3 Qd8 14. b4 b6 15. bxc5 bxc5
16. Rab1 Nc8 17. Rb2 Qh4 18. Rfb1 Na6 19. Be1 Qd8 20. Nb5 Nb6 21. Ba5 Bxb5 22.
cxb5 Nb8 23. Bxb6 axb6 24. a4 Nd7 1/2-1/2

[Event "XX C.to Mondiale Seniores"]
[Site "Arco ITA"]
[Date "2010.10.29"]
[Round "4"]
[White "Schwertel, Johann"]
[Black "Baeta, Marcio Netto"]
[WhiteElo "2027"]
[BlackElo "2221"]
[Result "1-0"]
[PlyCount "53"]
[EventDate "2010.10.26"]

1. d4 Nf6 2. Nf3 d5 3. c3 Bf5 4. Bf4 e6 5. e3 Bd6 6. Ne5 O-O 7. Bd3 Nfd7 8.
Bxf5 exf5 9. Nd3 Bxf4 10. Nxf4 c6 11. Nd2 Re8 12. O-O Nf6 13. Nh5 Ne4 14. Nxe4
fxe4 15. Qg4 g6 16. Ng3 Kh8 17. f4 exf3 18. Rxf3 f5 19. Qf4 Nd7 20. h4 Nf6 21.
h5 Ng4 22. hxg6 hxg6 23. Nxf5 Re4 24. Rh3+ Kg8 25. Nh6+ Nxh6 26. Qxh6 Re6 27.
Qh8+ 1-0

[Event "XX C.to Mondiale Seniores"]
[Site "Arco ITA"]
[Date "2010.10.29"]
[Round "4"]
[White "Shvedchikov, Anatoli I."]
[Black "Radomsky, Viacheslav G."]
[WhiteElo "2421"]
[BlackElo "2166"]
[Result "1-0"]
[PlyCount "90"]
[EventDate "2010.10.26"]

1. d4 d5 2. Nf3 Nf6 3. e3 c5 4. c3 Nc6 5. dxc5 a5 6. Bb5 g6 7. b4 Bg7 8. Bb2
O-O 9. a3 Qc7 10. Nbd2 Rd8 11. O-O Ne4 12. Qc2 Nxd2 13. Qxd2 e5 14. Be2 Bg4 15.
h3 Be6 16. Rfd1 h6 17. Qe1 Kh7 18. c4 dxc4 19. Qc3 axb4 20. axb4 Rxa1 21. Rxa1
b5 22. cxb6 Qxb6 23. Bxc4 Bxc4 24. Qxc4 Qxb4 25. Qxb4 Nxb4 26. Bxe5 Nc6 27.
Bxg7 Kxg7 28. g4 Rd5 29. Kg2 Rc5 30. Rb1 Kf6 31. Rb6 Ke7 32. Rb7+ Ke6 33. Rc7
Rc2 34. g5 h5 35. Kg3 Rc4 36. Nd4+ Kd6 37. Rxf7 Nxd4 38. exd4 Rxd4 39. Rf6+ Ke5
40. f4+ Ke4 41. Re6+ Kd5 42. Rxg6 Rd3+ 43. Kh4 Ke4 44. Rf6 Ra3 45. g6 Kd5 1-0

[Event "XX C.to Mondiale Seniores"]
[Site "Arco ITA"]
[Date "2010.10.29"]
[Round "4"]
[White "Taksrud, Vidar"]
[Black "Korenevski, Oleg"]
[WhiteElo "2101"]
[BlackElo "1930"]
[Result "1-0"]
[PlyCount "77"]
[EventDate "2010.10.26"]

1. Nf3 c5 2. c4 Nc6 3. g3 g6 4. Bg2 Bg7 5. O-O Nf6 6. d4 cxd4 7. Nxd4 Qb6 8.
Nc2 O-O 9. Nc3 d6 10. h3 Be6 11. Be3 Qd8 12. b3 Qd7 13. Kh2 Ng4+ 14. hxg4 Bxc3
15. Bh6 Bxg4 16. Ne3 Bg7 17. Bxg7 Kxg7 18. Bxc6 bxc6 19. Qd4+ e5 20. Qxg4 f5
21. Qh3 g5 22. Rad1 Rf6 23. Kg2 g4 24. Qh5 Raf8 25. Rh1 h6 26. Rh4 Rg6 27. Nxg4
fxg4 28. Qxe5+ Rff6 29. c5 d5 30. Rh5 Kh7 31. Rd4 Qf7 32. Rf4 Rxf4 33. Qxf4 Qe7
34. Re5 Qc7 35. Qe3 Rg7 36. Re6 Kg8 37. Qxh6 Qf7 38. Rxc6 Kf8 39. Rc8+ 1-0

[Event "XX C.to Mondiale Seniores"]
[Site "Arco ITA"]
[Date "2010.10.29"]
[Round "4"]
[White "Thonig, Manfred"]
[Black "Spano' Cuomo, Gaetano"]
[WhiteElo "1607"]
[BlackElo "1806"]
[Result "0-1"]
[PlyCount "38"]
[EventDate "2010.10.26"]

1. f4 f5 2. e4 fxe4 3. d3 exd3 4. Bxd3 Nf6 5. Nf3 e6 6. O-O Bc5+ 7. Kh1 O-O 8.
c3 b6 9. b4 Bd6 10. Qc2 Nc6 11. Ng5 h6 12. Nh3 Bb7 13. Na3 Ng4 14. Bd2 Qh4 15.
Be1 Qxh3 16. gxh3 Nxb4+ 17. Kg1 Bc5+ 18. Bf2 Nxf2 19. cxb4 Nxh3# 0-1

[Event "XX C.to Mondiale Seniores"]
[Site "Arco ITA"]
[Date "2010.10.29"]
[Round "4"]
[White "Trois, Francisco R.T."]
[Black "Ashby, Anthony C."]
[WhiteElo "2309"]
[BlackElo "2149"]
[Result "0-1"]
[PlyCount "105"]
[EventDate "2010.10.26"]

1. d4 Nf6 2. Nf3 e6 3. c4 c5 4. Nc3 cxd4 5. Nxd4 Nc6 6. g3 Bc5 7. Nb3 Be7 8.
Bg2 O-O 9. O-O d6 10. e4 Bd7 11. Nd4 a6 12. a4 Qc7 13. b3 Rad8 14. Nde2 Bc8 15.
h3 Nd7 16. Ba3 Nde5 17. f4 Ng6 18. Kh2 Rfe8 19. Qd2 Na5 20. Qc2 b6 21. Rad1 Bb7
22. Rd2 Rd7 23. Rfd1 Red8 24. Rd3 Qb8 25. Nc1 Bc6 26. Qf2 Qc7 27. R1d2 h6 28.
Rc2 Qb8 29. Rdd2 Ba8 30. Qe2 Qc8 31. Nd1 Rc7 32. Ne3 Bc6 33. b4 Nb7 34. b5 axb5
35. cxb5 Be8 36. Nc4 Qb8 37. Bb4 d5 38. Bxe7 Nxe7 39. exd5 Nxd5 40. Bxd5 exd5
41. Nxb6 Rxc2 42. Rxc2 Na5 43. Nxd5 Rxd5 44. Qe4 Rd8 45. Nd3 Qd6 46. Ne5 f6 47.
Nc4 Nxc4 48. Qxc4+ Bf7 49. Qc7 Qd1 50. Rf2 Rd2 51. Qc8+ Kh7 52. Qf5+ Bg6 53.
Qc5 0-1

[Event "XX C.to Mondiale Seniores"]
[Site "Arco ITA"]
[Date "2010.10.29"]
[Round "4"]
[White "Westerinen, Heikki M.J."]
[Black "Zhelesny, Stanislav"]
[WhiteElo "2365"]
[BlackElo "2194"]
[Result "1/2-1/2"]
[PlyCount "36"]
[EventDate "2010.10.26"]

1. e4 c6 2. d4 d5 3. Nc3 dxe4 4. Nxe4 Nf6 5. Nxf6+ exf6 6. Bc4 Bd6 7. Qe2+ Qe7
8. Bd2 O-O 9. Qxe7 Bxe7 10. a4 Be6 11. Bxe6 fxe6 12. Nf3 Nd7 13. O-O-O Rfd8 14.
Rhe1 Kf7 15. Re2 Nf8 16. h4 b5 17. axb5 cxb5 18. Ba5 Rd7 1/2-1/2

[Event "XX C.to Mondiale Seniores"]
[Site "Arco ITA"]
[Date "2010.10.29"]
[Round "4"]
[White "Wittmann, Walter"]
[Black "Nickl, Klaus"]
[WhiteElo "2303"]
[BlackElo "2145"]
[Result "1/2-1/2"]
[PlyCount "30"]
[EventDate "2010.10.26"]

1. e4 e5 2. Nf3 Nc6 3. Bb5 a6 4. Bxc6 dxc6 5. O-O f6 6. d4 Bg4 7. dxe5 Qxd1 8.
Rxd1 fxe5 9. Nbd2 Bd6 10. Nc4 Nf6 11. Nxd6+ cxd6 12. Rxd6 Nxe4 13. Rd3 O-O 14.
Nxe5 Nxf2 15. Rd2 Rae8 1/2-1/2

[Event "XX C.to Mondiale Seniores"]
[Site "Arco ITA"]
[Date "2010.10.29"]
[Round "4"]
[White "Zakharchenko, Arnold"]
[Black "Butnorius, Algimantas"]
[WhiteElo "2192"]
[BlackElo "2439"]
[Result "1/2-1/2"]
[PlyCount "95"]
[EventDate "2010.10.26"]

1. d4 Nf6 2. c4 e6 3. Nf3 b6 4. g3 Ba6 5. Qa4 Bb7 6. Bg2 c5 7. dxc5 Bxc5 8. O-O
O-O 9. Nc3 Qe7 10. Bg5 h6 11. Bxf6 Qxf6 12. Rad1 Qe7 13. Ne5 Bxg2 14. Kxg2 Bd6
15. Nf3 Nc6 16. Rd3 Rad8 17. Rfd1 Bb8 18. R3d2 f5 19. Nb5 e5 20. Nc3 e4 21. Nd4
Ne5 22. Nd5 Qf7 23. Qc2 Rc8 24. b3 Rce8 25. Qc3 Ng4 26. h3 Nxf2 27. Kxf2 e3+
28. Nxe3 Bxg3+ 29. Kg2 Qg6 30. Nd5 Bf4+ 31. Kh1 Bxd2 32. Qxd2 f4 33. Qd3 Qh5
34. Qf3 Qxf3+ 35. exf3 Re5 36. Kg2 Rg5+ 37. Kh2 Re5 38. Kg2 b5 39. Nxb5 Re2+
40. Kh1 Rxa2 41. Re1 a5 42. Re4 a4 43. bxa4 Rxa4 44. Nxf4 Ra2 45. Ng6 Rf6 46.
Ne5 d6 47. Nd7 Rxf3 48. Re8+ 1/2-1/2

[Event "XX C.to Mondiale Seniores"]
[Site "Arco ITA"]
[Date "2010.10.29"]
[Round "4"]
[White "Zoltek, Tadeusz"]
[Black "Wahlbom, Magnus"]
[WhiteElo "2194"]
[BlackElo "2282"]
[Result "0-1"]
[PlyCount "105"]
[EventDate "2010.10.26"]

1. Nf3 c5 2. c4 Nc6 3. d4 cxd4 4. Nxd4 Nf6 5. Nc3 e6 6. Nc2 Bc5 7. e3 O-O 8.
Be2 d5 9. O-O dxc4 10. Bxc4 Qe7 11. a3 Rd8 12. Qe2 e5 13. b4 Bb6 14. Bb2 e4 15.
Rad1 Bg4 16. Rxd8+ Rxd8 17. f3 Bh5 18. Na4 Bc7 19. Qf2 exf3 20. gxf3 Be5 21.
Nc3 a6 22. Rd1 Rxd1+ 23. Nxd1 Bxb2 24. Nxb2 Qe5 25. Nd4 Nxd4 26. exd4 Qg5+ 27.
Qg3 Qxg3+ 28. hxg3 Bxf3 29. Nd3 Be2 30. Kf2 Bxd3 31. Bxd3 Kf8 32. Kf3 Ke7 33.
Bc4 Ne8 34. Bd5 Nd6 35. a4 b6 36. Kf4 a5 37. bxa5 bxa5 38. g4 f6 39. g5 fxg5+
40. Kxg5 Nf7+ 41. Kf4 Kf6 42. Bb3 Nd6 43. Bd1 g6 44. Bb3 h5 45. Bc2 g5+ 46. Kf3
Nf5 47. Ke4 g4 48. Bd1 Kg5 49. d5 h4 50. Be2 h3 51. Bf1 h2 52. Bg2 Nh4 53. Bf1
0-1

[Event "XX C.to Mondiale Seniores"]
[Site "Arco ITA"]
[Date "2010.10.30"]
[Round "5"]
[White "Aijala, Jouko"]
[Black "Micheli, Carlo"]
[WhiteElo "2157"]
[BlackElo "2263"]
[Result "0-1"]
[PlyCount "57"]
[EventDate "2010.10.26"]

1. e4 c5 2. Nf3 e6 3. d4 cxd4 4. Nxd4 Qb6 5. Nb3 Qc7 6. Bd3 Nf6 7. O-O d6 8. c4
Nbd7 9. f4 Be7 10. Nc3 a6 11. Be3 b6 12. Qd2 Bb7 13. Bd4 h5 14. h3 h4 15. e5
Nh5 16. Qe3 Ng3 17. Rf2 Rh5 18. exd6 Bxd6 19. Nd5 Bxd5 20. cxd5 Rxd5 21. Rc1
Nc5 22. Qf3 Nxb3 23. Rxc7 Nxd4 24. Qe3 Bxc7 25. Be4 Nxe4 26. Qxe4 O-O-O 27. Kf1
Nf5 28. Qa4 Kb7 29. Rc2 0-1

[Event "XX C.to Mondiale Seniores"]
[Site "Arco ITA"]
[Date "2010.10.30"]
[Round "5"]
[White "Anguera Maestro, Jaime"]
[Black "Poropat, Marijan"]
[WhiteElo "2205"]
[BlackElo "2055"]
[Result "1/2-1/2"]
[PlyCount "35"]
[EventDate "2010.10.26"]

1. d4 d6 2. c4 e5 3. Nf3 e4 4. Ng1 f5 5. g3 Nf6 6. Bg2 Be7 7. Nh3 O-O 8. O-O c6
9. d5 Nbd7 10. Nc3 Ne5 11. b3 Bd7 12. f3 Qa5 13. Qd4 exf3 14. exf3 cxd5 15.
Nxd5 Nxd5 16. Qxd5+ Qxd5 17. cxd5 Bf6 18. Bg5 1/2-1/2

[Event "XX C.to Mondiale Seniores"]
[Site "Arco ITA"]
[Date "2010.10.30"]
[Round "5"]
[White "Ashby, Anthony C."]
[Black "Pritchett, Craig William"]
[WhiteElo "2149"]
[BlackElo "2314"]
[Result "0-1"]
[PlyCount "74"]
[EventDate "2010.10.26"]

1. e4 c5 2. Nf3 e6 3. c3 Nf6 4. e5 Nd5 5. d4 cxd4 6. cxd4 d6 7. Nc3 Nxc3 8.
bxc3 Qc7 9. Bd2 Nd7 10. exd6 Bxd6 11. Bd3 b6 12. Qe2 Bb7 13. Be4 Bxe4 14. Qxe4
O-O 15. O-O Rac8 16. Rfe1 Qc4 17. Qh4 Rfe8 18. Ng5 Nf6 19. Re3 h6 20. Rh3 Qe2
21. Nf3 Qe4 22. Qxe4 Nxe4 23. Rc1 Rc4 24. Be1 Rec8 25. Nd2 Rxd4 26. Rh4 Rxd2
27. Bxd2 Nxd2 28. Rd4 Nc4 29. g3 Kf8 30. h4 h5 31. Kg2 Ke7 32. f4 g6 33. Kf3 b5
34. Rb1 Nb6 35. Rd3 a6 36. Rbd1 Nd5 37. Rc1 Rc4 0-1

[Event "XX C.to Mondiale Seniores"]
[Site "Arco ITA"]
[Date "2010.10.30"]
[Round "5"]
[White "Baeta, Marcio Netto"]
[Black "Ramusch, Arnulf"]
[WhiteElo "2221"]
[BlackElo "1955"]
[Result "1/2-1/2"]
[PlyCount "49"]
[EventDate "2010.10.26"]

1. d4 d5 2. c4 e6 3. Nc3 Be7 4. Nf3 Nf6 5. Bg5 O-O 6. e3 b6 7. cxd5 Nxd5 8.
Bxe7 Qxe7 9. Nxd5 exd5 10. Qa4 c5 11. Be2 c4 12. O-O Bd7 13. Qc2 Nc6 14. Rad1
b5 15. b3 g6 16. bxc4 bxc4 17. Qc3 Rfe8 18. Ne5 Nxe5 19. dxe5 Qxe5 20. Qxe5
Rxe5 21. Bxc4 dxc4 22. Rxd7 Rc5 23. Rd2 c3 24. Rc2 Rb8 25. Rfc1 1/2-1/2

[Event "XX C.to Mondiale Seniores"]
[Site "Arco ITA"]
[Date "2010.10.30"]
[Round "5"]
[White "Barlocco, Carlo"]
[Black "Wittmann, Walter"]
[WhiteElo "2175"]
[BlackElo "2303"]
[Result "1/2-1/2"]
[PlyCount "38"]
[EventDate "2010.10.26"]

1. d4 Nf6 2. Nf3 d5 3. c4 e6 4. Nc3 dxc4 5. Qa4+ c6 6. Qxc4 b5 7. Qd3 Nbd7 8.
Bg5 Be7 9. e4 b4 10. Nb1 a5 11. Nbd2 Ba6 12. Nc4 O-O 13. Rc1 c5 14. Be2 Nd5 15.
Bxe7 Nxe7 16. O-O Nc6 17. Rfd1 cxd4 18. Nxd4 Nce5 19. Qe3 Nxc4 1/2-1/2

[Event "XX C.to Mondiale Seniores"]
[Site "Arco ITA"]
[Date "2010.10.30"]
[Round "5"]
[White "Busu, Corneliu"]
[Black "Cao, Jorge"]
[WhiteElo "2305"]
[BlackElo "2144"]
[Result "1/2-1/2"]
[PlyCount "44"]
[EventDate "2010.10.26"]

1. d4 Nf6 2. c4 c5 3. d5 d6 4. Nc3 g6 5. e4 Bg7 6. Nf3 O-O 7. Bd3 e6 8. O-O
exd5 9. exd5 Bg4 10. h3 Bxf3 11. Qxf3 Nbd7 12. Qd1 a6 13. a4 Ne8 14. Ne4 h6 15.
f4 f5 16. Nc3 Nef6 17. Bd2 Nh5 18. Qf3 Bd4+ 19. Kh1 Qh4 20. Kh2 Rae8 21. g3 Qf6
22. Rfe1 Kg7 1/2-1/2

[Event "XX C.to Mondiale Seniores"]
[Site "Arco ITA"]
[Date "2010.10.30"]
[Round "5"]
[White "Butnorius, Algimantas"]
[Black "Gutzeit, Avraham"]
[WhiteElo "2439"]
[BlackElo "2175"]
[Result "1-0"]
[PlyCount "143"]
[EventDate "2010.10.26"]

1. d4 d5 2. c4 e6 3. Nf3 Nf6 4. Bg5 c6 5. e3 Be7 6. Nc3 Nbd7 7. Qc2 h6 8. Bh4
O-O 9. Bd3 dxc4 10. Bxc4 Nd5 11. Bg3 b6 12. O-O Bb7 13. e4 Nxc3 14. bxc3 Nf6
15. Rad1 Qc8 16. Rfe1 Rd8 17. Qb3 b5 18. Bd3 Nh5 19. Be5 Bf6 20. Bb1 Bxe5 21.
Nxe5 Qc7 22. Nd3 Qe7 23. Qc2 Qg5 24. Nc5 Nf4 25. g3 Rab8 26. e5 Ng6 27. Qe4 Rd5
28. f4 Qe7 29. Qe3 Nf8 30. Be4 Rdd8 31. Qf3 Rbc8 32. f5 exf5 33. Qxf5 Rb8 34.
Rf1 Bc8 35. Qf3 b4 36. c4 Bh3 37. Rfe1 Rxd4 38. Rxd4 Qxc5 39. Qf2 Ne6 40. Rd6
Qxc4 41. Rxc6 Qb5 42. Qxa7 b3 43. axb3 Qb4 44. Qe3 Ng5 45. Bd5 Rb5 46. Rc4 Qa5
47. Ra4 Qd8 48. Ra8 Rb8 49. Rxb8 Qxb8 50. Ra1 Qb5 51. Rd1 Bg4 52. Rd2 Bh3 53.
Bg2 Bxg2 54. Kxg2 Qb7+ 55. Kf1 Qh1+ 56. Ke2 Qxh2+ 57. Kd1 Qh1+ 58. Kc2 Qa1 59.
Qd4 Qa2+ 60. Kc3 Qa5+ 61. Kb2 Ne6 62. Qd5 Qb4 63. Rd3 Nc5 64. Rf3 Ne6 65. Qd7
Ng5 66. Rc3 Qe4 67. Qd8+ Kh7 68. Qd3 Kg6 69. b4 Kf5 70. Qxe4+ Nxe4 71. Rc7 Kxe5
72. Rxf7 1-0

[Event "XX C.to Mondiale Seniores"]
[Site "Arco ITA"]
[Date "2010.10.30"]
[Round "5"]
[White "Candea, Gheorghe"]
[Black "Hjertenes, Oystein"]
[WhiteElo "2142"]
[BlackElo "2199"]
[Result "1/2-1/2"]
[PlyCount "24"]
[EventDate "2010.10.26"]

1. e4 g6 2. d4 Bg7 3. Nf3 d6 4. h3 Nd7 5. Be3 e6 6. c4 Ne7 7. Nc3 O-O 8. Qd2 c6
9. Be2 Re8 10. O-O Nf8 11. Rfd1 d5 12. Bg5 f6 1/2-1/2

[Event "XX C.to Mondiale Seniores"]
[Site "Arco ITA"]
[Date "2010.10.30"]
[Round "5"]
[White "Cavatorta, Fosco"]
[Black "Antonelli, Fabrizio"]
[WhiteElo "1936"]
[BlackElo "2099"]
[Result "0-1"]
[PlyCount "90"]
[EventDate "2010.10.26"]

1. d4 Nf6 2. Nf3 d6 3. Nc3 Bf5 4. Nh4 Bg6 5. Nxg6 hxg6 6. e4 Nbd7 7. Bg5 e5 8.
Bc4 c6 9. d5 Be7 10. dxc6 bxc6 11. Qf3 Rb8 12. Bb3 Nc5 13. O-O Qd7 14. Rfd1 Qg4
15. Qxg4 Nxg4 16. Bxe7 Kxe7 17. Rd2 f5 18. f3 Nf6 19. Rad1 Rhd8 20. Re2 Rb4 21.
a3 Rb7 22. exf5 gxf5 23. Ba4 Nxa4 24. Nxa4 Nd5 25. g3 Nc7 26. c4 Kf6 27. Nc3
Ne6 28. Kf2 Nd4 29. Red2 Rb3 30. f4 Rdb8 31. fxe5+ dxe5 32. Na4 g5 33. Nc5 Rxb2
34. Nd7+ Ke6 35. Nxb8 Rxb8 36. Re1 c5 37. h4 g4 38. Red1 f4 39. gxf4 exf4 40.
h5 Kf5 41. Rh1 g3+ 42. Kg2 Kg4 43. Rf1 f3+ 44. Rxf3 Nxf3 45. Re2 Nh4+ 0-1

[Event "XX C.to Mondiale Seniores"]
[Site "Arco ITA"]
[Date "2010.10.30"]
[Round "5"]
[White "Cernea, Radu-Gheorghe"]
[Black "Bjorgvik, Jan Arne"]
[WhiteElo "2039"]
[BlackElo "1913"]
[Result "1-0"]
[PlyCount "55"]
[EventDate "2010.10.26"]

1. d4 d5 2. c4 e6 3. Nc3 Nf6 4. cxd5 exd5 5. Qc2 Be7 6. Bf4 Bd6 7. Bg5 Be7 8.
e3 O-O 9. Bd3 h6 10. Bf4 c6 11. Nf3 Nbd7 12. O-O-O b5 13. Ne2 Bb7 14. Kb1 a5
15. g4 g5 16. h4 gxf4 17. Nxf4 c5 18. g5 Ne4 19. Nxd5 Bxd5 20. Bxe4 Bxe4 21.
Qxe4 h5 22. dxc5 Nxc5 23. Qe5 Qe8 24. Nd4 Rb8 25. Nf5 Ne6 26. g6 Bf6 27. Qxf6
fxg6 28. Ne7+ 1-0

[Event "XX C.to Mondiale Seniores"]
[Site "Arco ITA"]
[Date "2010.10.30"]
[Round "5"]
[White "Chubar, Vladimir"]
[Black "Malmdin, Nils Ake"]
[WhiteElo "2100"]
[BlackElo "2300"]
[Result "1/2-1/2"]
[PlyCount "68"]
[EventDate "2010.10.26"]

1. Nf3 g6 2. d4 Bg7 3. e4 d6 4. Bc4 Nf6 5. Qe2 O-O 6. O-O c6 7. Bb3 d5 8. exd5
cxd5 9. Ne5 Nc6 10. c3 Nxe5 11. dxe5 Ne4 12. Nd2 Nc5 13. Nf3 b6 14. Rd1 Bb7 15.
Bf4 Ne6 16. Bg3 a5 17. a4 Nc5 18. Bc2 Qe8 19. Qe3 Bc6 20. Rd4 Qd7 21. Rh4 f6
22. Nd4 e6 23. Nxc6 Qxc6 24. exf6 Rxf6 25. Be5 Rf7 26. Bxg7 Rxg7 27. Rf4 Nd7
28. Rd1 Rf8 29. Rxf8+ Nxf8 30. Bb3 Rf7 31. h4 Qc5 32. Qg3 Qc7 33. Qe3 Qc5 34.
Qg3 Qc7 1/2-1/2

[Event "XX C.to Mondiale Seniores"]
[Site "Arco ITA"]
[Date "2010.10.30"]
[Round "5"]
[White "D'Aulisa, Francesco"]
[Black "Zanin, Umberto"]
[WhiteElo "1779"]
[BlackElo "1623"]
[Result "1-0"]
[PlyCount "123"]
[EventDate "2010.10.26"]

1. e4 c5 2. f4 a6 3. Nf3 Nc6 4. Bc4 e6 5. O-O b5 6. Be2 Nd4 7. c3 Nxe2+ 8. Qxe2
c4 9. d4 cxd3 10. Qxd3 Bc5+ 11. Be3 Bxe3+ 12. Qxe3 Nf6 13. h3 Bb7 14. Nbd2 O-O
15. Rad1 Qc7 16. e5 Nd5 17. Qd4 f5 18. c4 bxc4 19. Nxc4 Bc6 20. Rc1 Qa7 21.
Qxa7 Rxa7 22. Nd4 Bb5 23. b3 Rc7 24. g3 Bxc4 25. bxc4 Rfc8 26. c5 Rxc5 27. Rxc5
Rxc5 28. Nb3 Rc3 29. Kh2 Kf7 30. Rc1 Ke7 31. Rxc3 Nxc3 32. a3 d6 33. exd6+ Kxd6
34. Kg2 Nb5 35. a4 Nc3 36. a5 Nb5 37. Kf3 Kd5 38. Ke3 g6 39. Kd3 h6 40. Nd2 Nd4
41. h4 h5 42. Nc4 Nb3 43. Ne5 Nxa5 44. Nxg6 Nb3 45. Ne7+ Kc5 46. Ng8 a5 47. Nf6
Kb4 48. Nxh5 a4 49. Kc2 a3 50. Kb1 Nd2+ 51. Ka2 Ne4 52. Ng7 Nc3+ 53. Ka1 Kb3
54. Nxe6 Ne4 55. Nd4+ Ka4 56. Nxf5 Nd2 57. Nd4 Kb4 58. h5 Kc4 59. Nc2 Kb3 60.
Nxa3 Kxa3 61. h6 Kb3 62. h7 1-0

[Event "XX C.to Mondiale Seniores"]
[Site "Arco ITA"]
[Date "2010.10.30"]
[Round "5"]
[White "Danner, Georg"]
[Black "Belliard, Luis"]
[WhiteElo "2422"]
[BlackElo "2218"]
[Result "1-0"]
[PlyCount "67"]
[EventDate "2010.10.26"]

1. d4 Nf6 2. c4 e6 3. Nf3 c5 4. e3 b6 5. Bd3 Bb7 6. O-O Be7 7. Nc3 O-O 8. d5
exd5 9. cxd5 d6 10. e4 a6 11. a4 Re8 12. Ne1 Bf8 13. Bf4 Nbd7 14. Nc2 c4 15.
Bxc4 Nxe4 16. Nd4 Rc8 17. Nc6 Qf6 18. Be3 Nxc3 19. bxc3 Qxc3 20. Rc1 Qf6 21.
Qb3 Ne5 22. Bd4 Qf4 23. Bxe5 dxe5 24. Qxb6 Bxc6 25. dxc6 e4 26. Bxa6 Rc7 27. g3
Qe5 28. Rfd1 Bd6 29. Qd4 Qxd4 30. Rxd4 Re6 31. Bb7 f5 32. a5 f4 33. a6 e3 34.
fxe3 1-0

[Event "XX C.to Mondiale Seniores"]
[Site "Arco ITA"]
[Date "2010.10.30"]
[Round "5"]
[White "De Laubadere, Philippe"]
[Black "Pedrotti, Luciano"]
[WhiteElo "1967"]
[BlackElo "1833"]
[Result "1-0"]
[PlyCount "55"]
[EventDate "2010.10.26"]

1. d4 Nf6 2. c4 e6 3. g3 Be7 4. Bg2 c6 5. e4 d6 6. Nc3 O-O 7. Nge2 Nbd7 8. O-O
e5 9. b3 a6 10. a4 c5 11. d5 Re8 12. h3 Nf8 13. f4 exf4 14. gxf4 Ng6 15. Ng3
Nh4 16. e5 Nxg2 17. Kxg2 Nd7 18. e6 fxe6 19. dxe6 Nf8 20. f5 b6 21. Nd5 Bb7 22.
Ne4 b5 23. Bb2 Nxe6 24. fxe6 Bg5 25. Qh5 Bxd5 26. cxd5 Bh6 27. Nf6+ Kh8 28.
Qxe8+ 1-0